000 00419nam a2200181Ia 4500
005 20240823054928.0
008 240823s9999||||xx |||||||||||||| ||und||
041 _aENGLISH
082 _A658.5 N3
100 _aAhuja K K
245 0 _aProduction management
250 _a1st
260 _c1993
_b"CBS,Delhi"
500 _aTRANSFERED
650 _aManagement
_bManagement Studies
942 _cBK
999 _c227611
_d227611